Normal view
MARC view
Entry Personal Name
001 - CONTROL NUMBER
- control field: 17701
003 - CONTROL NUMBER IDENTIFIER
- control field: OSt
005 - DATE AND TIME OF LATEST TRANSACTION
- control field: 20240624145852.0
008 - FIXED-LENGTH DATA ELEMENTS
- fixed length control field: 240624|| aca||aabn | a|a d
040 ## - CATALOGING SOURCE
- Original cataloging agency: OSt
- Transcribing agency: OSt
100 ## - HEADING--PERSONAL NAME
- Personal name: Simmons, Peter J.
- Fuller form of name: (Peter John),
- Dates associated with a name: 1952-
670 ## - SOURCE DATA FOUND
- Source citation: Work cat.: (OSt)8758: Simmons, Peter J. (Peter John), 1952-, Nerve cells and animal behaviour /, 2010.
